Tiếng Việt Công nghệ giáo dục Lớp 1. Tập 2 Vần

Wedi'i Gadw mewn:
Manylion Llyfryddiaeth
Prif Awdur: Hồ, Ngọc Đại
Fformat: Llyfr
Iaith:Vietnamese
Cyhoeddwyd: Hà Nội Giáo dục 2016
Rhifyn:Tái bản lần thứ 7
Pynciau:
Tagiau: Ychwanegu Tag
Dim Tagiau, Byddwch y cyntaf i dagio'r cofnod hwn!
Thư viện lưu trữ: Trung tâm Học liệu Lê Vũ Hùng, Trường Đại học Đồng Tháp
LEADER 01163pam a22003618a 4500
001 00034407
005 20171026081025.0
008 160822s2016 ||||||viesd
020 # # |c 16500  |a 9786040033697 
041 0 # |a vie 
082 1 4 |a 372.6  |b T306V 
100 1 # |a Hồ, Ngọc Đại 
245 1 0 |a Tiếng Việt  |c Hồ Ngọc Đại  |b Công nghệ giáo dục  |n Lớp 1. Tập 2  |n Vần 
250 # # |a Tái bản lần thứ 7 
260 # # |a Hà Nội  |b Giáo dục  |c 2016 
300 # # |a 147 tr.  |c 24 cm. 
500 # # |a ĐTTS ghi: Bộ Giáo dục và Đào tạo 
653 # # |a Giáo dục 
653 # # |a Vần 
653 # # |a Tiểu học 
653 # # |a Tiếng Việt 
653 # # |a Lớp 1 
852 # # |j KGT.0050669  |j KGT.0050671  |j KGT.0050672  |j KD.0017833  |j KGT.0050670 
852 # # |b Kho đọc  |j KD.0017833 
852 # # |b Kho mượn  |j KGT.0050669 
852 # # |b Kho giáo trình  |j KGT.0050669, KGT.0050670, KGT.0050671, KGT.0050672 
910 |d 22/08/2016 
980 # # |a Trung tâm Học liệu Lê Vũ Hùng, Trường Đại học Đồng Tháp